[Event "HUN-chT2 Toth 1718"]
[Site "Hungary"]
[Date "2018.01.28"]
[Round "7.7"]
[White "Csipai, Levente"]
[Black "Vereczkei, Laszlo"]
[Result "0-1"]
[WhiteElo "1868"]
[BlackElo "2029"]
[PlyCount "128"]
[EventDate "2017.09.24"]
[EventType "team-tourn"]
[EventRounds "11"]
[EventCountry "HUN"]
[SourceTitle "EXT 2021"]
[Source "ChessBase"]
[SourceDate "2020.10.23"]
[SourceVersion "1"]
[SourceVersionDate "2020.10.23"]
[SourceQuality "1"]
[WhiteTeam "Szentes Integral"]
[BlackTeam "Gyula"]
[WhiteTeamCountry "HUN"]
[BlackTeamCountry "HUN"]

1. d4 d6 2. c4 e5 3. dxe5 dxe5 4. Qxd8+ Kxd8 5. Nc3 c6 6. f4 Bd6 7. fxe5 Bxe5 8. Bd2 Bf5 9. 0-0-0 Nd7 10. Nf3 Bc7 11. g3 Ngf6 12. Bg2 Ne4 13. Nxe4 Bxe4 14. Bc3 Ke7 15. Bxg7 Rhg8 16. Bc3 b5 17. cxb5 cxb5 18. Bh3 f5 19. Rhf1 Rac8 20. Kd2 a5 21. Ke1 b4 22. Bd4 Bb6 23. Rd2 Rc1+ 24. Kf2 Rxf1+ 25. Kxf1 Bc7 26. Nh4 Ke6 27. Bg2 Rg4 28. Bf3 Bxf3 29. exf3 Rg5 30. Rc2 Bd6 31. Ng2 Rh5 32. Ne1 f4 33. g4 Rd5 34. Bf2 Ne5 35. Ke2 a4 36. b3 axb3 37. axb3 Ra5 38. Nd3 Nd7 39. Rc4 Ra3 40. Nxb4 Ne5 41. Re4 Bxb4 42. Rxb4 Ra2+ 43. Kd1 Rxf2 44. Rxf4 Rxf3 45. Ra4 Rxb3 46. Ra6+ Kf7 47. Rh6 Kg7 48. Rh5 Nf7 49. Ke2 Kg6 50. Kf2 Ng5 51. Kg2 Rb4 52. Kg3 h6 53. h3 Rc4 54. Kg2 Rc5 55. Rh4 Ne6 56. g5 Nxg5 57. Rg4 h5 58. Rg3 h4 59. Ra3 Rc2+ 60. Kg1 Re2 61. Ra6+ Kf5 62. Ra5+ Kf4 63. Ra4+ Ne4 64. Ra3 Re3 0-1